| 000 | 00883nam a22002177a 4500 | ||
|---|---|---|---|
| 999 |
_c240 _d240 |
||
| 003 | AR-CdUCM | ||
| 008 | 190222b ||||| |||| 00| 0 spa d | ||
| 040 |
_aMUNICIPALIDAD PROVINCIAL DEL CUSCO _cBIBLIOTECA MUNICIPAL DEL CUSCO |
||
| 082 |
_a982.04 / _bP16 |
||
| 100 |
_aPage, Theogene _91047 |
||
| 245 | _aGuerra colonialista Franco-Argentina / | ||
| 260 |
_aBuenos Aires : _bEditorial Universitaria de Buenos Aires ; _c1973. |
||
| 300 |
_a145 paginas ; _c18 cm. |
||
| 505 | _aOrigen de las desavenencias -- Declaración del bloqueo y sus primeras consecuencias -- Negociación del comodoro Nicholson, operaciones militares -- Estado actual de la república de Argentina -- Negociaciones y tratados ... | ||
| 650 |
_aArgentina _9511 |
||
| 650 |
_aCivilización _91048 |
||
| 650 |
_aGuerra _91007 |
||
| 650 |
_aColonialista _91049 |
||
| 942 |
_2ddc _cLIBROS |
||
| 945 |
_arum _d2019-02-22 |
||